Testy emoční inteligence [umíte zvládat své pocity?
Uložené v:
| Hlavný autor: | |
|---|---|
| Ďalší autori: | , |
| Médium: | Kniha |
| Jazyk: | Czech |
| Vydavateľské údaje: |
Brno
Computer Press
2003
|
| Edícia: | Rozvoj osobnosti
|
| Predmet: | |
| Tagy: |
Žiadne tagy, Buďte prvý, kto otaguje tento záznam!
|
MARC
| LEADER | 00000nam a2200000 4500 | ||
|---|---|---|---|
| 001 | c142556 | ||
| 005 | 20221124084921.5 | ||
| 020 | |a 80-7226-898-8 | ||
| 041 | 0 | |a cze | |
| 044 | |a CZ | ||
| 245 | 1 | 0 | |a Testy emoční inteligence |b [umíte zvládat své pocity? |c Robert Wood, Harry Tolley ; [preklad: Stanislav Ježek] |
| 264 | 1 | |a Brno |b Computer Press |c 2003 | |
| 300 | |a 123 s. | ||
| 490 | 1 | |a Rozvoj osobnosti | |
| 830 | 0 | |a Rozvoj osobnosti | |
| 610 | 2 | 0 | |a empatia |
| 610 | 2 | 0 | |a testy psychologické |
| 610 | 2 | 0 | |a sebapoznanie |
| 610 | 2 | 0 | |a motivácia |
| 610 | 2 | 0 | |a sebakontrola |
| 610 | 2 | 0 | |a osobnosť |
| 100 | 1 | |a Wood, Robert | |
| 700 | 1 | |a Tolley, Harry | |
| 700 | 1 | |a Ježek, Stanislav | |